Statistics for Χώρες στη Νότια Αμερική

Click here to take the quiz!

General Stats

  • This quiz has been taken 75 times
  • The average score is 10 of 12

Answer Stats

Απάντηση% Correct
Βραζιλία
98%
Αργεντινή
95%
Χιλή
95%
Βολιβία
93%
Παραγουάη
93%
Ουρουγουάη
93%
Περού
90%
Κολομβία
85%
Βενεζουέλα
85%
Γουιάνα
74%
Σουρινάμ
70%
Εκουαδόρ
64%

Score Distribution

Percentile by Number Answered

Percent of People with Each Score

Your Score History

You have not taken this quiz